Dog Man Quiz because why not. - Statistics

General Stats
  • This quiz has been taken 24 times
  • The average score is 11 of 20
Answer Stats
Context Answer % Correct
The main protagonist Dog Man
100%
Dog Man and Li'l Petey's robot friend 80HD
93%
Bionic Fish Flippy
93%
Petey's son Li'l Petey
93%
Dog Man's boss. Chief
87%
The main antagonist (until Lord of the Fleas) Petey
87%
An Australian News Reporter. Sarah Hatoff
73%
Sarah's pet poodle Zuzu
67%
A fat cat in jail Big Jim
60%
A tadpole with telekinesis Molly
53%
Appeared in the same book as the previous character, and hosted a TV show of the same name as her The Fair Fairy
47%
Petey's dad Grandpa
40%
Worked in the critter scouts when he was young and got revenge on Petey for erasing his good deeds Piggy
40%
Appeared in book 1 and book 12 as an antagonist and madman Dr Scum
33%
The main antagonist besides Petey in Book 2 Flat Petey
33%
Created by multiple telekinesis-using tadpoles out of a tree Barky McTreeface
27%
An Italian Hollywood actress Yolay Caprese
27%
A moderately better version of the former Mayor
20%
Only appeared in Book 1 and married a trash bag Petey's Butler
20%
Worked with the former of the former to make shops that sold weaponry and explosives Evil Mayor
7%
No matching quizzes found
Score Distribution
Percent of People with Each Score
Percentile by Number Answered
Your Score History
You have not taken this quiz